Doce bronces nurágicos : Palacio de la Virreina, Barcelona. oct.-nov. 1971 / presentación: Nino Giacu de Martini, José Ma de Muller y de Abadal, Ferruccio Barreca Palacio de la Virreina, Barcelona. oct.-nov. 1971 / presentación:
Descripción Física:
[20] f., 1 map. pleg. ; 22 cm
Materias:
Sardenya -- Arqueologia -- Exposicions
MARC
| LEADER | 00000nam a2200000Ia 4500 | ||
|---|---|---|---|
| 001 | 7657 | ||
| 003 | BGR | ||
| 005 | 20260324175625.0 | ||
| 008 | 160829s9999 xx 000 0 cat d | ||
| 080 | |a FU-6-21 | ||
| 245 | |a Doce bronces nurágicos : |b Palacio de la Virreina, Barcelona. oct.-nov. 1971 / presentación: |b Nino Giacu de Martini, José Ma de Muller y de Abadal, Ferruccio Barreca | ||
| 260 | |a [Barcelona] : |b Gráf. Marina, DL 1971 | ||
| 300 | |a [20] f., 1 map. pleg. ; |c 22 cm | ||
| 590 | |a A la contracoberta: Embajada de Italia en España. Región Autónoma de Cerdeña. Diputación Provincial de Barcelona. | ||
| 650 | |a Sardenya |x Arqueologia |x Exposicions |9 35570 | ||
| 700 | |a Giacu de Martini, Nino |9 35571 | ||
| 700 | 1 | |a Barreca, Ferruccio |9 35572 | |
| 700 | |a Muller i d'Abadal, Josep M., |d 1919-1981 |9 28922 | ||
| 710 | 1 | |a Barcelona (Catalunya : Província). |b Diputació |9 52408 | |
| 710 | 1 | |a Itàlia |b Ambaixada a Espanya |9 70736 | |
| 710 | 1 | |a Itàlia |b Regione Autonoma della Sardegna |9 70737 | |
| 901 | |a Arxiu | ||
| 942 | |n 1 |2 udc |c MON | ||
| 952 | |0 0 |1 0 |4 0 |6 FU621 |7 1 |9 46965 |a Arxiu |b Arxiu |d 2016-12-01 |l 0 |o FU-6-21 |p 7657 |r 2016-12-01 00:00:00 |w 2016-12-01 |y ARXIU | ||
| 999 | |c 50758 |d 50758 | ||